| 000 | 01093nam a2200241 u 4500 | ||
|---|---|---|---|
| 001 | 000327418 | ||
| 003 | AM-YeHGA | ||
| 005 | 20250618072047.0 | ||
| 008 | 040415s1991 ||| r 000 0 rus d | ||
| 020 | _a5752903793 | ||
| 040 | _aAM-YeHGA | ||
| 041 | 1 |
_arus _heng |
|
| 100 | 1 | _aЗамятин, Евгений Иванович | |
| 245 | 1 | 0 |
_aМы : _bРоман / _cЕвгений Замятин; О дивный новый мир : Роман / Олдос Хаксли; 1984 : Роман / Джордж Оруэлл; Послесл. В. Бугрова. |
| 260 |
_aСвердловск : _bСред.-Урал. кн. изд-во, _c1991. |
||
| 300 |
_a592 с. : _bпортр., ил. |
||
| 505 | 0 |
_tМы : Роман / _rЕвгений Замятин; _tО дивный новый мир / _rОлдос Хаксли; _t1984 / _rДжордж Оруэлл |
|
| 650 | 1 | 4 |
_aХудожественная литература _94918 |
| 700 | 1 | _aХаксли, Олдос | |
| 700 | 1 | _aОруэлл, Джордж | |
| 700 | 1 |
_aБугров, Виталий _eпослесл. _4aft |
|
| 090 | _c123602 | ||
| 999 |
_c122249 _d122249 |
||